| 000 | 01257nam a2200289 4500 | ||
|---|---|---|---|
| 001 | 237 | ||
| 003 | OSt | ||
| 005 | 20250528074015.0 | ||
| 008 | 250205b |||||||g |||| 00| 1 eng d | ||
| 040 | _bpor | ||
| 041 |
_heng _apor |
||
| 082 |
_a813 _bF346c |
||
| 100 | 1 |
_aFerber, Edna, _d1887-1968. _9444 |
|
| 240 | _aCimarron | ||
| 245 |
_aCimarron / _cFerber, Edna ; Tradução de Tati de Moraes |
||
| 260 |
_aSão Paulo _bCírculo do Livro _c1957 |
||
| 300 | _a302 p. | ||
| 520 | _aCIMARRON conta, com grande beleza e vigor, a dura história do desbravamento do Território de Oklahoma. Para isso, Edna Ferber usa a figura fascinante de Yancey Cravat, um homem forte, obcecado pela aventura e com um agudo senso de justiça social, e a de sua mulher, Sabra Cravat, oriunda de uma tradicional família do sul, mas que se dispõe a enfrentar qualquer perigo para estar ao lado do marido em suas muitas aventuras e desventuras, iniciando depois, ela mesma, uma estirpe de mulheres fortes, corajosas e independentes. | ||
| 650 | 0 |
_aLiteratura Americana _984 |
|
| 650 | 0 |
_aFaroeste _9340 |
|
| 650 | 0 |
_aDrama _918 |
|
| 650 | 0 |
_aFilme _926 |
|
| 655 | 0 |
_aRomance _923 |
|
| 655 | 0 |
_aFicção _922 |
|
| 700 |
_aTati de Moraes _eTradutor _9445 |
||
| 942 |
_2ddc _n0 _cBK |
||
| 999 |
_c237 _d237 |
||